000 00953nam a2200205Ia 4500
001 10494
003 GE_BSU
008 181216s||||||||xx |||||||||||||| ||und||
040 _cGE_BSU
080 _a821.353.1-1
245 _aქართული პოეზია. 15 ტომად:ტ.1.ძველი ქართული პოეზია V-XIIსს
245 _cსარედ. კოლ.: გრ.აბაშიძე, ან.კალანდაძე, მ.ლებანიძე და სხვ.ტომი შეადგ.სარგის ცაიშვილმა.მხატვ.დ.დუნდუა.რედ.ა.ბრეგაძე
260 _aთბილისი
260 _bნაკადული
260 _c1979
300 _a375გვ.18სმ.
653 _aქართული პოეზია
653 _aძველი ქართული პოეზია V-XIIსს
942 _cBK
999 _c43749
_d43749